000 00445nam a2200169Ia 4500
001 67414
008 150604s9999 xx 000 0 und d
020 _a9788499368580
040 _cPK-LaUMT
082 _a 712
_bQUA-T
100 _aQuartino, Daniel Santos
245 _a1000 tips for landscape architects
_cQuartino, Daniel Santos
260 _aBarcelona,Spain:
_bLoft Publications,
_c2011
300 _a319 p.
546 _aEN
942 _cBK
999 _c72790
_d72790